The first crusade : the accounts of eye-witnesses and participants /

محفوظ في:

مؤلفون آخرون: Krey, August C., 1887-1961 (ed. and tr.)

التنسيق: كتاب

اللغة: English
Latin

منشور في: Gloucester, Mass. : P. Smith, 1958.

الموضوعات:

الوسوم: إضافة وسم

لا توجد وسوم, كن أول من يضع وسما على هذه التسجيلة!

رقم الطلب: D161.1 .A3 K7 1958

LEADER 00656cam a2200205Mi 4500
001 ocn786137031
003 OSt
005 20251130095727.0
008 961108s1958 maub b 000 0 eng d
041 0 |a eng  |a lat 
050 4 |a D161.1 .A3 K7 1958 
245 0 4 |a The first crusade :  |b the accounts of eye-witnesses and participants /  |c by August C. Krey. 
264 1 |a Gloucester, Mass. :  |b P. Smith,  |c 1958. 
300 |a viii, 299 pages :   |b maps ;   |c 21 cm.  
504 |a Bibliographies. 
650 0 |a Crusades  |y First, 1096-1099. 
700 1 |a Krey, August C.,   |q (August Charles),   |d 1887-1961,   |e ed. and tr. 
901 |a reviewed 
942 |2 lcc  |c BK 
999 |c 55572  |d 55572